Gastro- Intestinal parasites in chicken at chhok chherneang commune, angksnoul ditrict, kandal province, បរាសិតក្នុងប្រដាប់រំលាយអាហារមាន់នៅ ឃុំឆក់ឈើនាង ស្រុកអង្គស្នួល ខេត្តកណ្ដាល (Record no. 24744)

000 -LEADER
fixed length control field 00705nam a22001337a 4500
040 ## - CATALOGING SOURCE
Transcribing agency RUA
082 ## - DEWEY DECIMAL CLASSIFICATION NUMBER
Classification number VEM SAK 2024 B1.330 Or.1
100 ## - MAIN ENTRY--AUTHOR NAME
Personal name SAK CHANNA, សាក់ ចាន់ណា
245 ## - TITLE STATEMENT
Title Gastro- Intestinal parasites in chicken at chhok chherneang commune, angksnoul ditrict, kandal province, បរាសិតក្នុងប្រដាប់រំលាយអាហារមាន់នៅ ឃុំឆក់ឈើនាង ស្រុកអង្គស្នួល ខេត្តកណ្ដាល
260 ## - PUBLICATION, DISTRIBUTION, ETC. (IMPRINT)
Place of publication PHNOM PENH
Name of publisher RUA
Year of publication 2024
300 ## - PHYSICAL DESCRIPTION
Number of Pages xi,
Other physical details ill,
Dimensions 209cm,
856 ## - ELECTRONIC LOCATION AND ACCESS
Uniform Resource Identifier https://drive.google.com/file/d/1XBGbN_1BISvsgFHKBZITWYvsZk5GGiFI/view?usp=sharing
942 ## - ADDED ENTRY ELEMENTS (KOHA)
Koha item type VEM
952 ## - LOCATION AND ITEM INFORMATION (KOHA)
Withdrawn status [LOCAL, KOHA] 0
952 ## - LOCATION AND ITEM INFORMATION (KOHA)
Withdrawn status [LOCAL, KOHA] 0
Holdings
Permanent Location Date acquired Koha item type Lost status Shelving location Barcode Current Location Full call number
Library Block B2025-04-29VEM B1.330A082855Library Block BVEM SAK 2024 B1.330 Or.1
Library Block B2025-04-29VEM B1.330A082706Library Block BVEM SAK 2024 B1.330 Or.2
មជ្ឈមណ្ឌលឯការនៃសាកលវិទ្យាល័យភូមិន្ទកសិកម្មចំការដូង

Powered by Koha